Inorganic chemistry: (Record no. 1606)
[ view plain ]
| 000 -LEADER | |
|---|---|
| fixed length control field | 00600nam a22002177a 4500 |
| 003 - CONTROL NUMBER IDENTIFIER | |
| control field | OSt |
| 005 - DATE AND TIME OF LATEST TRANSACTION | |
| control field | 20150428140018.0 |
| 008 - FIXED-LENGTH DATA ELEMENTS--GENERAL INFORMATION | |
| fixed length control field | 150428b xxu||||| |||| 00| 0 eng d |
| 020 ## - INTERNATIONAL STANDARD BOOK NUMBER | |
| International Standard Book Number | 9788177581300 |
| 040 ## - CATALOGING SOURCE | |
| Transcribing agency | DDC |
| 082 ## - DEWEY DECIMAL CLASSIFICATION NUMBER | |
| Edition number | 22nd ed. |
| Classification number | 546 INO 2006 |
| 100 ## - MAIN ENTRY--PERSONAL NAME | |
| Personal name | Huheey, James E. |
| 9 (RLIN) | 4236 |
| 245 ## - TITLE STATEMENT | |
| Title | Inorganic chemistry: |
| Remainder of title | principles of structure and reactivity |
| 250 ## - EDITION STATEMENT | |
| Edition statement | 4th ed. |
| 260 ## - PUBLICATION, DISTRIBUTION, ETC. (IMPRINT) | |
| Place of publication, distribution, etc. | India; |
| Name of publisher, distributor, etc. | Pearson, |
| Date of publication, distribution, etc. | 2006 |
| 300 ## - PHYSICAL DESCRIPTION | |
| Extent | xviii, 808p; |
| Other physical details | ill: |
| Dimensions | 24cm |
| 504 ## - BIBLIOGRAPHY, ETC. NOTE | |
| Bibliography, etc | Index included |
| 650 ## - SUBJECT ADDED ENTRY--TOPICAL TERM | |
| Topical term or geographic name as entry element | Inorganic chemistry |
| 9 (RLIN) | 799 |
| 700 ## - ADDED ENTRY--PERSONAL NAME | |
| Personal name | Keiter, Ellen A. |
| 9 (RLIN) | 4237 |
| 942 ## - ADDED ENTRY ELEMENTS (KOHA) | |
| Source of classification or shelving scheme | Dewey Decimal Classification |
| Koha item type | Open Shelf |
| Withdrawn status | Lost status | Source of classification or shelving scheme | Damaged status | Not for loan | Home library | Current library | Date acquired | Source of acquisition | Inventory number | Total Checkouts | Full call number | Barcode | Date last seen | Koha item type | Total Renewals | Date last checked out |
|---|---|---|---|---|---|---|---|---|---|---|---|---|---|---|---|---|
| Dewey Decimal Classification | MUST Main Library | MUST Main Library | 28/04/2015 | 13/37284 | 546 INO 2006 | 2015-1192 | 28/04/2015 | Open Shelf | ||||||||
| Dewey Decimal Classification | MUST Main Library | MUST Main Library | 26/05/2015 | 13/37283 | 9 | 546 INO 2006 | 2015-1586 | 31/03/2021 | Open Shelf | 1 | 30/03/2021 |
